Arima With Intervention Analysis to Model and Forecast Export of Goods and Services of Slovak Republic

Intervenčná analýza ARIMA ako analytický a prognostický nástroj. ARIMA-Intervenčná analýza časových radov. Modelovanie exportu tovaru a služieb Slovenskej republiky. Vývoj exportu tovaru a služieb na Slovensku. ARIMA model exportu tovaru a služieb Slovenskej republiky.

Gespeichert in:
Bibliographische Detailangaben
1. Verfasser: Pastoreková, Silvia, 1985-
Format: Buchkapitel
Sprache:Englisch
Schlagworte:
Tags: Tag hinzufügen
Keine Tags, Fügen Sie das erste Tag hinzu!

MARC

LEADER 00000naa$a2200000$$$4500
001 0281525
005 20240417075151.4
041 0 |a eng 
044 |a SK 
245 1 0 |a Arima With Intervention Analysis to Model and Forecast Export of Goods and Services of Slovak Republic  |c Silvia Pastoreková 
520 |a Intervenčná analýza ARIMA ako analytický a prognostický nástroj. ARIMA-Intervenčná analýza časových radov. Modelovanie exportu tovaru a služieb Slovenskej republiky. Vývoj exportu tovaru a služieb na Slovensku. ARIMA model exportu tovaru a služieb Slovenskej republiky. 
610 2 0 |a modelovanie 
610 2 0 |a prognózovanie 
610 2 0 |a prognózy 
610 2 0 |a vývoz tovaru 
610 2 0 |a vývoz služieb 
610 2 0 |a Slovensko 
100 1 |a Pastoreková, Silvia, 1985-